| 000 | 00373nam a2200157Ia 4500 | ||
|---|---|---|---|
| 008 | 210716s1990 xx 000 0 und d | ||
| 020 | _a78814987 | ||
| 041 | _aeng | ||
| 082 | _a005.3001 DEAD | ||
| 100 | _aDean, David. | ||
| 245 | _aUsing microsoft word for windows. | ||
| 250 | _a1 | ||
| 260 |
_aNew York _bMc Graw Hill _c1990 |
||
| 300 | _axxxv,594 | ||
| 650 | _aNone | ||
| 999 |
_c180713 _d180713 |
||